Music Artists by Song - O - Statistics

General Stats
  • This quiz has been taken 83 times
    82 since last reset
  • The average score is 7 of 13
Answer Stats
Songs Artist % Correct
Wonderwall / Don't Look Back in Anger / Champagne Supernova Oasis
94%
Hey Ya! / Ms. Jackson / So Fresh, So Clean Outkast
88%
Night Changes / What Makes You Beautiful / Story of My Life One Direction
82%
Crazy Train / No More Tears / Mama, I'm Coming Home Ozzy Osbourne
72%
Counting Stars / I Ain't Worried / I Don't Wanna Wait OneRepublic
71%
Physical / Xanadu / Hopelessly Devoted To You Olivia Newton-John
69%
traitor / deja vu / drivers license Olivia Rodrigo
64%
(Sittin' On) the Dock of the Bay / Stand by Me / These Arms of Mine Otis Redding
63%
The Kids Aren't Alright / You're Gonna Go Far, Kid / Pretty Fly (For A White Guy) The Offspring
51%
Little Talks / Dirty Paws / Mountain Sound Of Monsters and Men
17%
Miss You / Life Goes On / WORTH NOTHING Oliver Tree
14%
Shimmy Shimmy Ya / Got Your Money / Brooklyn Zoo Ol' Dirty Bastard
8%
HEAVY LOVE / KEEP UP / GMFU Odetari
7%
No matching quizzes found
Score Distribution
Percent of People with Each Score
Percentile by Number Answered
Your Score History
You have not taken this quiz since the last reset